|
|
|
|
| LEADER |
01043nam a2200253 a 4500 |
| 008 |
090602r20011998enka 000 0 eng d |
| 010 |
|
|
|a 2006026414
|
| 020 |
|
|
|a 0749425571
|
| 020 |
|
|
|a 0749448199
|
| 020 |
|
|
|a 9780749448196
|
| 040 |
|
|
|a DLC
|c DLC
|d YDX
|d UKM
|d BAKER
|d YDXCP
|d BTCTA
|d DLC
|
| 082 |
0 |
0 |
|a 153.9/4
|2 21
|
| 100 |
1 |
|
|a Barrett, Jim.
|
| 245 |
1 |
0 |
|a Career, aptitude & selection tests :
|b match your IQ, personality & abilities to your ideal career : intermediate level /
|c Jim Barrett.
|
| 246 |
3 |
|
|a Career, aptitude and selection tests
|
| 260 |
|
|
|a London ;
|a Philadelphia :
|b Kogan Page,
|c 1998.[Reprinted 2001]
|
| 300 |
|
|
|a 186 p. :
|b ill. ;
|c 22 cm.
|
| 541 |
1 |
|
|e 00011977
|
| 650 |
|
0 |
|a Occupational aptitude tests.
|
| 650 |
|
0 |
|a Vocational interests
|x Testing.
|
| 852 |
4 |
|
|a Ayesha Abed Library
|j General shelf
|
| 942 |
0 |
0 |
|0 1
|
| 999 |
|
|
|c 935
|d 935
|
| 952 |
|
|
|0 0
|1 0
|2 ddc
|4 0
|6 153_940000000000000_BAR
|7 0
|9 1102
|a BRACUL
|b BRACUL
|c GEN
|d 2009-06-25
|g 756.00
|l 18
|m 161
|o 153.94 BAR
|p 3010011977
|q 2026-05-18
|r 2026-05-03
|s 2026-05-03
|t 1
|w 2009-06-25
|y BK
|x $8.99
|